000
00221 a2200097 4500
001
41071
100
_a
Calvocoress P
245
_a
World Order & New States
260
_a
London
_b
Chatto & Windus
_c
090
_c
25302
_d
25302
942
_a
NUST-CAE
_c
M
_c
17006
999
_c
276144
_d
276144